ბათუმის შოთა რუსთაველის სახელმწიფო უნივერსიტეტის ბიბლიოთეკა

აკად. ნ. მარის სახელობის ენის, ისტორიისა და მატერიალური კულტურის ინსტიტუტის მოამბე = Известия института языка, истории и материальной культуры им. акад. Н.Я. Марра = Bulletin De L'Institut Marr De Langues, D'Histoire et De Culture Materielle : (ბიბ.ჩანაწერი № 52598)

000 -ლიდერი
ფიქსირებული სიგრძის საკონტროლო ველი 01191nam a2200217Ia 4500
001 - საკონტროლო ნომერი
საკონტროლო ველი 19622
003 - საკონტროლო ნომრის იდენტიფიკატორი
საკონტროლო ველი GE_BSU
005 - ბოლო ოპერაციის თარიღი და დრო
საკონტროლო ველი 20200310180154.0
008 - ფიქსირებული სიგრძის მონაცემთა ელემენტები - ზოგადი ინფორმაცია
ფიქსირებული სიგრძის საკონტროლო ველი 181216s1942||||ge |||||||||||||| ||geo||
040 ## - კატალოგიზაციის წყარო
Transcribing agency GE_BSU
041 ## - ენის კოდი
Language code of text/sound track or separate title geo
080 ## - უნივერსალური ათობითი კლასიფიკაციის ინდექსი
Universal Decimal Classification number 811.353.1(058) მ-80
245 ## - ცნობა სათაურის შესახებ
Title აკად. ნ. მარის სახელობის ენის, ისტორიისა და მატერიალური კულტურის ინსტიტუტის მოამბე = Известия института языка, истории и материальной культуры им. акад. Н.Я. Марра = Bulletin De L'Institut Marr De Langues, D'Histoire et De Culture Materielle :
Remainder of title მოამბე XIII /
Statement of responsibility, etc რედ. ნ. ბერძენიშვილი.
264 ## - წარმოების, გამოცემის, დისტრიბუციის და სხვა ცნობები
გამოცემის, წარმოების, დისტრიბუციის... ადგილი თბილისი :
გამოცემის, წარმოების, დისტრიბუციის... სახელწოდება მეცნიერებათა აკადემია,
გამოცემის, წარმოების, დისტრიბუციის... თარიღი 1942.
300 ## - ფიზიკური აღწერა
Extent 292 გვ. ;
Dimensions 21 სმ.
653 ## - INDEX TERM--UNCONTROLLED
Uncontrolled term ენათმეცნიერება
653 ## - INDEX TERM--UNCONTROLLED
Uncontrolled term მოამბე XIII
700 ## - ADDED ENTRY--PERSONAL NAME
Personal name ბერძენიშვილი, ნ.
Relator term რედაქტორი
9 (RLIN) 7705
942 ## - ADDED ENTRY ELEMENTS (KOHA)
Koha item type წიგნი
Source of classification or shelving scheme
ეგზემპლარები
ჩამოწერის სტატუსი დაკარგული ეგზემპლარის სტატუსი კლასიფიკაციის წყარო ან თაროზე გაწყობის სქემა დაზიანების სტატუსი არ გაიცემა მუდმივი მდებარეობა (დაცვის ადგილი) ამჟამინდელი ადგილსამყოფელი თაროზე განთავსების ადგილი შეძენის თარიღი ღირებულება, შესყიდვის ნორმალური ფასი სრული შენახვის შიფრი შტრიხკოდი ბოლო ოპერაციის თარიღი ეგზემპლარის მიმდევრობითი ნომერი (კეტერი?) ფასის ძალაში შესვლის თარიღი ეგზემპლარის სახეობა საჯარო შენიშვნა
          ბათუმის შოთა რუსთაველის სახელმწიფო უნივერსიტეტის მთავარი ბიბლიოთეკა ბათუმის შოთა რუსთაველის სახელმწიფო უნივერსიტეტის მთავარი ბიბლიოთეკა წიგნსაცავი 2018-12-17 5.00 811.353.1(058) მ-80 51728 2018-12-17 51728 2018-12-17 წიგნი 5.00 ლ.